000 01415nam a2200361Ia 4500
001 ebr10229849
003 CaPaEBR
006 m u
007 cr cn|||||||||
008 070831s2007 enka sb 001 0 eng d
020 _z9780335216437 (hbk.)
020 _z0335216439 (hbk.)
020 _z0335216412 (pbk.)
020 _z9780335216413 (pbk.)
040 _aCaPaEBR
_cCaPaEBR
035 _a(OCoLC)245241562
050 1 4 _aGV191.63
_b.T68 2007eb
100 1 _aTovey, Helen,
_d1950-
245 1 0 _aPlaying outdoors
_h[electronic resource] :
_bspaces and places, risk and challenge /
_cHelen Tovey.
260 _aMaidenhead :
_bOpen University Press,
_c2007.
300 _aviii, 162 p. :
_bill.
490 1 _aDebating play series
504 _aIncludes bibliographical references and index.
533 _aElectronic reproduction.
_bPalo Alto, Calif. :
_cebrary,
_d2009.
_nAvailable via World Wide Web.
_nAccess may be limited to ebrary affiliated libraries.
650 0 _aOutdoor recreation for children.
650 0 _aOutdoor recreation for children
_xSafety measures.
650 0 _aPlay environments.
650 0 _aPlay environments
_xSafety measures.
655 7 _aElectronic books.
_2local
710 2 _aebrary, Inc.
830 0 _aDebating play series.
856 4 0 _uhttp://site.ebrary.com/lib/rucke/Doc?id=10229849
_zAn electronic book accessible through the World Wide Web; click to view
999 _c39134
_d39134